Statistiken für Alles rund um Jugoslawien

Klicken Sie hier um das Quiz zu spielen!

Allgemein

  • Dieses Quiz wurde 152 mal gespielt
  • Das Durchschnittsergebnis liegt bei 9 aus 20

Antwortstatistiken

FrageAntwort% Korrekt
Welches war die Hauptstadt der SR Serbien, sowohl Jugoslawiens?Belgrad
98%
Was war die Hauptstadt von Jugoslawien (Königreich und SFRJ)Belgrad
98%
Welches war die Hauptstadt der SR Bosnien-Herzegowina?Sarajevo
78%
Welches war die Hauptstadt der SR Kroatien?Zagreb
77%
Wann zerbrach Jugoslawien in verschiedene Staaten, wo anbei die Jugoslawienkriege starteten? (Jahreszahl)1991
69%
Welches war die Hauptstadt der SR Mazedonien?Skopje
67%
Wann endeten die Jugoslawienkriege? (Jahreszahl)2001
59%
Wann zerbrach Jugoslawien vollständig?2006
59%
Was ist die grösste Volksgruppe im heutigen teilweise-annerkannten Staat Kosovo`?Albaner
59%
Wer regierte die Sozialistische Föderative Republik Jugoslawien und die kommunistische Partisanbewegung?Josip Broz TitoJosip BrozTito
53%
Wie hiess die sozialistische autonome Provinz im Norden Serbiens?Vojvodina
44%
Wem hat sich Jugoslawien nach 1948 teilweise abgewandt? (Land)SowjetunionUdSSR
38%
Wie hiess die fasistische Regierung Kroatiens, die unter deutscher Kontrolle war?Ustascha
27%
Was wuchs in Jugoslawien nach Titos Tod 1980 wieder?Nationalismus
21%
Welches war die Hauptstadt der SR Montenegro?TitogradPodgorica
21%
Wie nannten sich die Soldaten, die für die Exilregierung des Königreiches einsetzten und zugleich eine nationalistisch-serbische Gruppe waren?Tschetniks
15%
Wie hiess die sozialistische autonome Provinz im Süden Serbiens?Kosovo i MetohijaKosovo und Metohija
8%
Welches war die Hauptstadt der SR Slowenien?LjublijanaLeibach
7%
Von wann bis wann existierte das Königreich Jugoslawien? (Jahreszahlen: XXXX-XXXX)1921-1941
4%
Welche autonome Region wurde in Nord-Westen Jugoslawiens gegründet, um Stabilität zu schaffen?Banschaft Kroatien
2%

Verteilung der Resultate

Perzentil nach korrekt beantworteten Fragen

Anzahl Personen mit jedem Resultat

Ihre Resultats-Entwicklung

Sie haben dieses Quiz noch nicht gespielt